Statistics for guess the anime by description

Click here to take the quiz!

General Stats

  • This quiz has been taken 101 times
  • The average score is 21 of 62

Answer Stats

HintAnswer% Correct
orphaned ninja with a fox living inside himnaruto
99%
boy obsessed with justice finds a notebook and becomes a goddeath note
82%
boy plays VR combat game and can't log outsword art online
80%
young warrior on a quest to become stronger and discovers 7 balls that can grant any wishdragon ball
76%
octopus teaches kids how to kill himassassination classroom
75%
food that makes you orgasmfood wars!
75%
boy with no power wants to become a hero and eats hair that gives him super strong powersmy hero academia
75%
people who put animals in tiny balls against their willpokemon
71%
boy can turn into a weapon and eats souls in order to become one of the best weapons to ever existsoul eater
71%
boys family gets murdered by a demon but his sister was still alive but she becomes a demon but doesn't hurt anyone like the rest of themdemon slayer
68%
boy wants to become a hunter desperatly because his father was onehunter x hunter
66%
stong guild named after a genre of children's booksfairy tail
63%
two kids find out the truth of the orphanage they are staying at and work together with all the other kids to escape before they are sent to "a new home"the promised neverland
62%
kid who lost his mother to superhuman monsters which he hates becomes one and defeats them using his new transformationattack on titan
59%
brother and sister are sent to a different world after beating a chess gameno game no life
59%
son of orphaned ninjaboruto
58%
boys first date didn't go well and ends up in the hospital then when he is released he starts working at the coffe shop where his date was held and later magically dyes his hair and becomes way hotter than he was beforetokyo ghoul
57%
narcissist god who grants wishes for five yennoragami
51%
girl pretends to be a boy and joins a club along with cute boysouran highschool host club
51%
highschool students and a slutty nurse fight of the zombie apocolypsehighschool of the dead
49%
evil bear lures in highschool students and traps them forcing them to kill eachotherdanganronpa
47%
girl who lost her family and starts living with people that turn into animals sometimesfruits basket
46%
demon boy with sword and glows and also kills other demonsblue exorcist
41%
young man that has the power to go back in time before a life threatning incident occurs and change iterased
36%
female soul reaper somehow transfers her powers over to a boy she met and now he has to take over her jobbleach
34%
teenage demon girl sets out to find her darling that saved her when they were littledarling in the franxx
34%
stupid and clumsy girl with pigtails and powerssailor moon
34%
worm creature enters a geeky boys arm and suddenly a face appears on his hand, starts talking to him and after his mother dies magically makes him way hotparasyte the maxim
32%
boy solves ancient puzzle and awakens an alter-ego that solves problems by gamesyu-gi-oh
30%
boy sells his soul to a demon to avenge his families deathblack butler
29%
boy born without any powers is determined to become the next king of his countryblack clover
26%
half-demon male dog spirit is after a jewel with great power that can make him full demoninuyasha
26%
A countryside boy sets out to the capital and meets a group of assassinsakame ga kill!
25%
perverted high school boy killed after first date and got reincarnatedhighschool dxd
25%
student council president at a school that used to only be for boys rules the school strictly but she has a secret that very few people know aboutmaid-sama
24%
a boy and a girl try to keep peace between humans and vampires at schoolvampire knight
24%
girl gets sent to a mansion with a bunch of hot teenage vampiresdiabolik lovers
21%
a young princess is chased out of her castle along with her bodygaurd after who she thought was her true love kills her fatheryona of the dawn
21%
boy meets a spirit who has wiped out a majortity of humanity years ago and has to date her to stop herdate alive
18%
red haired girl meets the second price of a country and becomes a royal pharmacistsnow white with red hair
17%
girl meets strange man and saves him then becomes an earth god of a shrinekamisama kiss
16%
boy with a low tier god becomes an adventurer and battles in a dungeon everyday and fell in love with another adventurer who saved his life before even though it is hopeless and he is oblivious to his gods love for himis it wrong to try to pick up girls in a dungeon?
14%
vampire god from the demon world who is obsessed with japanese culture meets a japanese girl that comes through a portal and then later is eaten by a plant that turned her into a spiritblood lad
13%
girl is forced to live in a huge house filled with hot guys that can't keep their eyes or hands off her even though she is their soon to be step sisterbrothers conflict
13%
brother and sister live by themselves and enroll in the same school, the sister has a deep admiration for her brother and it's almost like incest.the irregular at magic highschool
13%
cute girl tries to act less feminie to fit in with her female friends but then her childhood crush enrolls in her highschoolblue spring ride
9%
boy meets a necromancer that isn't able to talk before he is murdered and then resurrected by her later on he becomes a cross dresser, maggot, and major pervertis this a zombie?
8%
girl who thinks she witnessed a murder wakes up with no memories and finds herself in a strange place where people are trying to kill herangels of death
7%
an assassin with an unlucky number from one of the best organizations gives himself a stage name after a breed of catblack cat
7%
vampires live with humans and government doesn't know they exist until they become extremely hungrydevils line
7%
girl who is a loner and plays otome games attempts to improve her social status at high school and get a boyfriendwatamote
7%
girl that claims to be a doll and is obsessed with cup noodles plays kokkuri-san and calls fourth a fox spirit who begins to take care of her then a dog spirit and a racoon spirit join in as wellgugure kokkuri-san
4%
boy wants to be a manga artist although he is from a long line of entertainers then he falls in love with a boy that he met years ago at a commercial shoot dressed as a girllove stage
4%
girl is sent to a house by her aunt that is occupied by four guys that have to turn her into a proper lady before her aunts party to get a reward of free rentthe wallflower
4%
people all over the city start to get powers from gold fish that fly through the airtokyo esp
4%
an udead school girl hunts down other undead to go to heavencorpse princess
3%
girl tells her crush how she feels and is rejected then once her house gets destroyed by an earthquake she is forced to live with her crush while the house gets rebuiltitakiss
3%
girl was transported to another world to teach young gods about what it means to be humankamigami no asobi
3%
girl can see spirits and helps a boy in poverty with his job of sending the spirits to rest in peace and also give him food and money when he needs itrin-ne
3%
girl dreamed of becoming a model for her dads company but didn't grow anymore after fourth grade she tried hard to become a famous model with the help of one of her classmates who wanted to become a famous fashion designersmile down the runway
3%
only survivor of a city that was destroyed gets a message and sets out to meet the person who sent it to her with the help of a boy with a cool motorcyleafterlost
1%
male student who can see spirits helps them move on from the world of the living with the help of a girl from his school and a detective who saved him when he was littlepsychic detective yakumo
1%

Score Distribution

Percentile by Number Answered

Percent of People with Each Score

Your Score History

You have not taken this quiz